00379 a2200109 4500001001000000005001700010008004100027245008100068100003600149773006700185999001700252ART_4654820260410162006.0260409a 10aEl derecho a la salud a la luz del Código Civil y Comercial de la Nación1 aRebaudi Basavilbaso, Ignacio M.0 tTemas de derecho civilg- Año 4, N° 6 (jun. 2018)wREV34778 c31746d31746